Responses for show #5349 - Thursday, December 6, 2007

Contestants

Claire Slavovsky, a graduate student from Virginia Beach, Virginia

Andy Kingsbury, a radio producer from Winterville, North Carolina

Keith Thorell, an attorney from Altadena, California (whose 2-day cash winnings total $29,600)

Jeopardy! Round responses

"A" IN SCIENCE
BEVERLY HILLS 90210
BUSH'S NICKNAMES
ACCENT-A-PALOOZA
SOUNDS FRUITY
PALINDROMIC WORDS
(Alex: Words that are the same coming and going.)
    $200 1
albino

Claire
    $200 2
Dylan

Claire
    $200 26
Putin

Claire
    $200 21
Sweden

Keith
    $200 12
Blueberry Hill

Andy
    $200 6
eve

Keith
    $400 7
acid

Claire
    $400 3
Hilary Swank

Claire
    $400 27
Alberto Gonzales

Claire
    $400 22
(Keith: What is the United Kingdom?)
(Alex: Be more specific.)
(Keith: What is [*]?)

England

Keith
    $400 15
Orange County

Andy
    $400 13
(Andy: [silence] What is [*]?
Alex: Ohh! You got it in just in the nick of time.)

mum

Andy
    $600 9
adrenaline

Claire
    $600 4
Brian Austin Green

Keith
    $600 28
(Alex: From California... [*].)

Barbara Boxer

Triple Stumper
    $600 23
Italy

Claire
    $600 17
cherry picker

Claire
    $600 14
gag

Keith
    $2,000 10
(Claire: What is... [time's-up signal] aqua?
Alex: No, what is [*]. [*]. You heard the sound. So, we have a three-way tie right now, I believe, but you have command of the board.)

Acoustics

Claire
    $800 5
Jason Priestley

Andy
    $800 29
(Andy: What's the CIA?
[buzzer] Alex: Remember the President said "You're doing a good job, Brownie?" [*].)

FEMA

Andy
Triple Stumper
    $800 24
Jamaica

Claire
    $800 18
Harry Lime

Andy
    $800 16
deed

Claire
    $1000 11
(Alex: The writers are trying to get cutesy with [*]. [*], "naut", not search any... yup, we won't try that again!)

argon

Triple Stumper
    $1000 8
the Peach Pit

Claire
    $1000 30
(Alex: That's right. Secretary of Education who appeared as a contestant on Celebrity Jeopardy!.)

Margaret Spellings

Andy
    $1000 25
(Alex [still in accent]: Yes, I hurt my throat.)

Scotland

Claire
    $1000 19
International Date Line

Triple Stumper
    $1000 20
nun

Claire

Scores at the first commercial break (after clue 15):

Keith Andy Claire
$1,400 $1,800 $800

Scores at the end of the Jeopardy! Round:

Keith Andy Claire
$2,000 $2,800 $6,200

Double Jeopardy! Round responses

CONDUCTORS
LITERARY BEFORE & AFTER
FRENCH CLASS
ROMAN
& MARTINS
LAUGHIN'
    $400 12
scores

Claire
    $400 7
Stuart Little Women

Claire
    $400 26
a century

Andy
    $400 1
the Colosseum

Andy
    $400 17
Martin Van Buren

Andy
    $400 2
Letterman

Claire
    $800 13
a woman

Claire
    $800 8
Henry James Boswell

Triple Stumper
    $800 27
a sleeve

Andy
    $800 3
a mile

Keith
    $800 18
Martin Luther

Claire
    $800 22
Futurama

Triple Stumper
    $1,200 14
(Claire: What is Berlin?)
(Alex: No, picked the wrong country. [*]. [*] in the Netherlands.)

Amsterdam

Claire
    $1200 9
Common Sense and Sensibility

Claire
    $1200 28
espionage

Andy
    $1200 4
Virgil

Triple Stumper
    $1200 19
Aston Martin

Keith
    $1200 23
a whale

Keith
    $1600 15
the violin

Claire
    $1600 10
The Winds of War and Peace

Keith
    $1600 29
(Alex: "A la mode" means [*].)

In style

Triple Stumper
    $1600 5
the Etruscans

Andy
    $1600 20
(Alex: And they're still looking for him. [*].)

Martin Bormann

Triple Stumper
    $1600 24
Björk

Andy
    $2000 16
(Esa-Pekka) Salonen

Keith
    $2000 11
Battle Cry, the Beloved Country

Triple Stumper
    $2000 30
savoir-faire

Andy
    $2,000 6
(Alex [after hearing Andy's response]: Yes! Pomp and Circumstance. I said the writers would not try that again and obviously they did.)

Pompey

Andy
    $2000 21
Martin Chuzzlewit

Triple Stumper
    $2000 25
(Rodney) Dangerfield

Andy

Scores at the end of the Double Jeopardy! Round:

Keith Andy Claire
$8,800 $15,200 $10,600

[wagering suggestions for these scores]

Final Jeopardy! Round responses

NOTABLE WOMEN
(Alex: No, we were looking for the lady who followed Jackie Kennedy, [*]. Remember the tragedy in Dallas.)
KeithWho is Jaquelin Kennedy
$1,300
ClaireWho J. Kennedy?
$10,600
AndyWho is Jackie Kennedy?
$6,001
Lady Bird Johnson

Final scores:

Keith Andy Claire
$7,500 $9,199 $0
2nd place: $2,000 + the Jeopardy! DVD Home Game System New champion: $9,199 + the Jeopardy! DVD Home Game System 3rd place: $1,000 + the Jeopardy! DVD Home Game System

Game dynamics:

Coryat scores:

Keith Andy Claire
$8,800 $15,200 $13,800
10 R,
0 W
16 R
(including 1 DD),
1 W
21 R,
2 W
(including 2 DDs)

Combined Coryat: $37,800

The J! Archive is created by fans, for fans. The Jeopardy! game show and all elements thereof, including but not limited to copyright and trademark thereto, are the property of Jeopardy Productions, Inc. and are protected under law. This website is not affiliated with, sponsored by, or operated by Jeopardy Productions, Inc. Join the discussion at JBoard.tv.